000 00313nam a22001337a 4500
020 _a0-7497-1909-5
082 _a823
_bBLY/T
100 _aENID BLYRON
245 _aTHE TWINS AT ST.CLARE'S
260 _aGREAT BRITAIN
_bEGMONT
_c1941
300 _a182
650 _aCHILDREN'S STORY BOOK
_zUNITED KINGDOM
942 _cBK
999 _c137
_d137